| 000 | 01852nam0a2200361 4500 | ||
|---|---|---|---|
| 001 | RU\NLR\BIBL_A\022765151 | ||
| 005 | 20260614224458.0 | ||
| 010 |
_a978-5-93365-164-2 _9500 |
||
| 021 |
_aRU _bКН-П-26-006299 _9КН-П-26-0613 |
||
| 035 | _a(NLR Aleph) 022765151 | ||
| 090 |
_a13730036 _c13730036 |
||
| 100 | _a20260325d2025 m y0rusy50 ca | ||
| 101 | 0 |
_aita _arus |
|
| 102 | _aRU | ||
| 105 | _ag j 000yy | ||
| 181 | 0 |
_ai3 _baxxe |
|
| 182 | 0 | _an | |
| 200 | 1 |
_aПродвинутый курс итальянского языка для оперных певцов _dCorso avanzato di lingua italiana per cantanti d'opera _eучебно-методическое пособие _fЛ. А. Гаврильчук _gРостовская государственная консерватория им. С. В. Рахманинова _zita |
|
| 203 |
_aТекст _bвизуальный _cнепосредственный |
||
| 210 |
_aРостов-на-Дону _cРГК им. С. В. Рахманинова _d2025 |
||
| 215 |
_a133 с. _cноты _d22 |
||
| 300 | _aАвт. также на итал. яз.: Larissa Gavrilciuk | ||
| 300 | _aТекст на итал. и рус. яз. | ||
| 320 | _aБиблиогр.: с. 133 (16 назв.) | ||
| 510 | 1 |
_6z45790 _aCorso avanzato di lingua italiana per cantanti d'opera _zita |
|
| 606 | 1 |
_aИтальянский язык _xУчебные издания для музыкантов _2nlr_sh2 _3RU\NLR\AUTH\6601574579 |
|
| 686 | 1 | _aШ147.31-93рус329.7 | |
| 700 | 1 |
_aГаврильчук _bЛ. А. _cпедагог, филолог _gЛариса Анатольевна _3RU\NLR\AUTH\770170870 |
|
| 790 | 1 |
_6z45510 _aGavril'čuk _bL. A. _cпедагог, филолог _gLarisa Anatol'evna _3RU\NLR\AUTH\770170871 |
|
| 942 | _cBOOK | ||
| 980 | _aNB | ||